Harrison's principles of internal medicine 12th ed./ (Record no. 6792)

MARC details
000 -LEADER
fixed length control field 00674nam a22002057a 4500
003 - CONTROL NUMBER IDENTIFIER
control field OSt
005 - DATE AND TIME OF LATEST TRANSACTION
control field 20251204094530.0
008 - FIXED-LENGTH DATA ELEMENTS--GENERAL INFORMATION
fixed length control field 251204b |||||||| |||| 00| 0 eng d
020 ## - INTERNATIONAL STANDARD BOOK NUMBER
International Standard Book Number 0-07-070890-8.
040 ## - CATALOGING SOURCE
Original cataloging agency DWC-Main lib.
Transcribing agency OC
082 ## - DEWEY DECIMAL CLASSIFICATION NUMBER
Edition number 12th ed.
Classification number Circ. 616 H318 1991
100 ## - MAIN ENTRY--PERSONAL NAME
Personal name Wilson, Jean D.
245 ## - TITLE STATEMENT
Title Harrison's principles of internal medicine 12th ed./
Statement of responsibility, etc. Jean D. Wilson
260 ## - PUBLICATION, DISTRIBUTION, ETC.
Place of publication, distribution, etc. N. Y. :
Name of publisher, distributor, etc. McGraw-Hill, Inc.,
Date of publication, distribution, etc. c1991.
300 ## - PHYSICAL DESCRIPTION
Extent xxx (various paging) :
Other physical details illustrations ;
Dimensions 28 cm.
504 ## - BIBLIOGRAPHY, ETC. NOTE
Bibliography, etc. note Includes bibliographical references and index.
650 ## - SUBJECT ADDED ENTRY--TOPICAL TERM
Topical term or geographic name entry element 1. Internal medicine.
760 ## - MAIN SERIES ENTRY
Edition 12th ed.
942 ## - ADDED ENTRY ELEMENTS (KOHA)
Source of classification or shelving scheme Dewey Decimal Classification
Koha item type Book Circulation
Edition 12th ed.
Call number prefix Circ.
Suppress in OPAC No
952 ## - LOCATION AND ITEM INFORMATION (KOHA)
--
Holdings
Withdrawn status Lost status Source of classification or shelving scheme Damaged status Not for loan Home library Current library Shelving location Date acquired Source of acquisition Total Checkouts Full call number Barcode Date last seen Copy number Price effective from Koha item type Uniform Resource Identifier
    Dewey Decimal Classification     HM & Nursing Library HM & Nursing Library Circulation 03/26/2008 Donation   Circ. 616 H318 1991 HMN45676 12/04/2025 c1 12/04/2025 BK-CIRC